000 00441nab a2200145Ia 4500
003 ES-SlBCS
005 20210601133831.0
008 140529s1981 xxu||||| |||| 00| 0 por d
041 _apor
100 1 _aBarbosa de Carvalho, Geraldo
_9210329
245 0 0 _aValor Humano de Ecologia
_c Geraldo Barbosa De Carvalho
650 0 4 _aEcología
_915891
773 0 _tPresença Filosofica
_gvol. 7, nº. 2-3, 1981, págs. 160-163
_wRev966
942 _cAR
999 _c602856
_d602856